| АИС "Историко-культурное наследие Беларуси" | ||
| Базовый | Расширенный | Профессиональный | Словарь персоналий | Тематический словарь | По видам объектов | История запросов Заказы | Регистрация | |
Запись в MARC-формате
| копировать MARC-запись |
=LDR 00000nx\\c22002293\\45\\
=001 BY-NLB-ar10071751
=005 20160330095623.7
=100 \\$a20160113arusy50\\\\\\ca0
=152 \\$apsbo
=160 \\$ae-bw
=215 \\$aЦерковь в честь Успения Пресвятой Богородицы (Черетянка, агрогородок; Гомельский район)
=300 1\$aПамятник архитектуры ретроспективно-русского стиля. Построена в 1865–1868 гг. из кирпича.
=356 \\$aНаходится на северной окраине агрогородка Черетянка Гомельского района Гомельской области.
=415 \\$aЧеретянская Свято-Успенская церковь
=415 \\$aСвято-Успенская церковь (Черетянка, агрогородок; Гомельский район)
=415 \\$aХрам Успения Пресвятой Богородицы (Черетянка, агрогородок; Гомельский район)
=515 \\$5w$3BY-NLB-ar10071940$aЦарква ў гонар Успення Прасвятой Багародзіцы (Чарацянка, аграгарадок; Гомельскі раён)
=801 \0$aBY$bBY-HM0000$c20160113
=810 \\$aПраваслаўныя храмы Беларусі : энцыклапедычны даведнік / А. М. Кулагін. — Мінск, 2007.
=810 \\$aПраваслаўныя храмы на Беларусі : энцыклапедычны даведнік / А. М. Кулагін. — Мінск, 2001.
=856 4\$uhttp://cheretynka.cerkov.ru/$zСайт "Prihod.ru".
=999 \\$f1848 NLB-NDARD$t20160113
Чтобы вернуться назад, щелкните кнопку BACK на Вашем браузере